[Event "2015 British Chess Championships: Championship"]
[Site "University of Warwick, Coventry, Warwickshire"]
[Date "2015.08.05"]
[Round "9"]
[Board "1"]
[White "Pert, Nicholas"]
[Black "Hawkins, Jonathan"]
[Result "1/2-1/2"]
[WhiteElo "2562"]
[BlackElo "2554"]
[PlyCount "154"]
[EventDate "2015.07.27"]
[EventRounds "11"]
[EventCountry "ENG"]

1. d4 d5 2. c4 e6 3. Nc3 Nf6 4. Nf3 Be7 5. Bf4 O-O 6. e3 Nbd7 7. Qc2 c5 8. Rd1
Qa5 9. Nd2 cxd4 10. exd4 dxc4 11. Nxc4 Qd8 12. Be2 Nb6 13. O-O Bd7 14. Ne5 Rc8
15. Qd3 Nfd5 16. Bd2 f6 17. Nxd7 Qxd7 18. Rfe1 f5 19. Nxd5 Nxd5 20. Qb3 Bf6 21.
Bc4 Rfd8 22. Qd3 Qd6 23. Bb3 Qb6 24. Bc3 Rc6 25. Qf3 Qb5 26. Rd2 a5 27. Rde2 a4
28. Bxd5 Qxd5 29. Qxd5 exd5 30. a3 Kf7 31. Kf1 Rc4 32. Rd1 Rdc8 33. Re3 g5 34.
g3 R8c6 35. Ke2 Bg7 36. Kd3 Rh6 37. Rde1 Bf6 38. Rf3 Kg6 39. Rh1 Rh3 40. Re3
Kf7 41. Ree1 Rc6 42. Ke2 Be7 43. Kf3 g4+ 44. Kg2 f4 45. f3 fxg3 46. hxg3 Rxh1
47. Rxh1 gxf3+ 48. Kxf3 Kg6 49. Re1 Bxa3 50. Ra1 Rf6+ 51. Kg2 Bd6 52. Rxa4 Kf5
53. Kf3 Kg5+ 54. Kg2 Kg4 55. Be1 Re6 56. Bf2 Re2 57. Ra8 Rxb2 58. Rg8+ Kf5 59.
Rd8 Ke6 60. Rh8 b5 61. Rxh7 b4 62. g4 Rc2 63. Rb7 Be7 64. Kf3 Rc3+ 65. Ke2 b3
66. Be1 Rh3 67. Bb4 Bf6 68. Bc5 Bd8 69. Ba3 Bg5 70. Rb6+ Kf7 71. Rb7+ Ke8 72.
Rb5 Rg3 73. Rxd5 Bf6 74. Kd2 Rxg4 75. Kc3 Rxd4 76. Rxd4 b2 77. Bxb2 Bxd4+
 1/2-1/2

[Event "2015 British Chess Championships: Championship"]
[Site "University of Warwick, Coventry, Warwickshire"]
[Date "2015.08.05"]
[Round "9"]
[Board "2"]
[White "Gormally, Daniel W"]
[Black "Emms, John M"]
[Result "1/2-1/2"]
[WhiteElo "2484"]
[BlackElo "2460"]
[PlyCount "81"]
[EventDate "2015.07.27"]
[EventRounds "11"]
[EventCountry "ENG"]

1. d4 Nf6 2. c4 e6 3. Nf3 b6 4. g3 Bb7 5. Bg2 Bb4+ 6. Nbd2 c5 7. O-O cxd4 8.
Nb3 Be7 9. Nbxd4 O-O 10. Nb5 d5 11. cxd5 Bxd5 12. Bf4 Na6 13. Rc1 Rc8 14. a3
Rxc1 15. Qxc1 Qa8 16. b4 Rc8 17. Qb2 Qb7 18. Nc3 Nc7 19. Rc1 b5 20. Nxd5 Ncxd5
21. Nd4 a6 22. Nb3 Rxc1+ 23. Qxc1 Qd7 24. Bd2 h6 25. h3 Bd8 26. Nc5 Qc8 27. Nd3
Qxc1+ 28. Nxc1 Kf8 29. Nd3 Nd7 30. Nf4 N7b6 31. Nxd5 Nxd5 32. Kf1 Bf6 33. Bc1
Ke7 34. Ke1 Bc3+ 35. Kd1 a5 36. bxa5 Bxa5 37. e3 Kd6 38. g4 b4 39. axb4 Bxb4
40. Ke2 Ke7 41. f4 1/2-1/2

[Event "2015 British Chess Championships: Championship"]
[Site "University of Warwick, Coventry, Warwickshire"]
[Date "2015.08.05"]
[Round "9"]
[Board "3"]
[White "Howell, David W L"]
[Black "Arkell, Keith C"]
[Result "1/2-1/2"]
[WhiteElo "2698"]
[BlackElo "2502"]
[PlyCount "81"]
[EventDate "2015.07.27"]
[EventRounds "11"]
[EventCountry "ENG"]

1. e4 c6 2. d4 d5 3. Nc3 dxe4 4. Nxe4 Nd7 5. Ng5 Ngf6 6. Bd3 Nb6 7. N1f3 Bg4 8.
Qe2 Bh5 9. h3 h6 10. g4 hxg5 11. gxh5 Rxh5 12. Bxg5 Rxg5 13. Nxg5 Qxd4 14. c4
Nbd7 15. Rd1 Qf4 16. Qd2 Qxd2+ 17. Kxd2 e6 18. Be2 Bd6 19. h4 Ke7 20. Kc2 Bf4
21. Nh3 Bc7 22. h5 Rh8 23. Ng5 Bf4 24. Nh3 Bc7 25. Ng5 Bf4 26. Rdg1 Bxg5 27.
Rxg5 g6 28. Kd3 gxh5 29. Bxh5 Rd8 30. Be2 c5 31. Ke3 b6 32. f4 Nb8 33. Bf3 Na6
34. a3 Nc7 35. Rd1 Rh8 36. Rh1 Rd8 37. Be2 a5 38. Bd3 a4 39. Be2 Nce8 40. Bd3
Rd4 41. Rc1 1/2-1/2

[Event "2015 British Chess Championships: Championship"]
[Site "University of Warwick, Coventry, Warwickshire"]
[Date "2015.08.05"]
[Round "9"]
[Board "4"]
[White "Jackson, James P"]
[Black "Williams, Simon K"]
[Result "1/2-1/2"]
[WhiteElo "2343"]
[BlackElo "2426"]
[PlyCount "146"]
[EventDate "2015.07.27"]
[EventRounds "11"]
[EventCountry "ENG"]

1. e4 e6 2. d4 d5 3. Nc3 Nf6 4. e5 Nfd7 5. f4 c5 6. Nf3 Nc6 7. Be3 a6 8. Qd2
cxd4 9. Nxd4 Bc5 10. O-O-O Bxd4 11. Bxd4 b5 12. h4 b4 13. Ne2 O-O 14. h5 f6 15.
h6 g6 16. Be3 fxe5 17. fxe5 Ndxe5 18. Nd4 Na5 19. b3 Ng4 20. Be2 Nxe3 21. Qxe3
Qd6 22. Rhf1 Bd7 23. Bg4 Rae8 24. Rxf8+ Qxf8 25. Qe5 Qxh6+ 26. Kb1 Nb7 27. Qc7
Bc8 28. Bxe6+ Bxe6 29. Nxe6 Rxe6 30. Qc8+ Nd8 31. Qxd8+ Qf8 32. Qxd5 Qe7 33.
Re1 Kf7 34. Re4 Qd6 35. Qxd6 Rxd6 36. Rxb4 h5 37. Kc1 g5 38. Re4 h4 39. c4 Rd3
40. Kc2 Rg3 41. Re2 g4 42. c5 h3 43. gxh3 gxh3 44. c6 Rg2 45. Rxg2 hxg2 46. c7
g1=Q 47. c8=Q Qf2+ 48. Kb1 Qb6 49. Qf5+ Ke7 50. Qd5 Qd6 51. Qc4 Kd8 52. Kb2 Kd7
53. b4 Qf6+ 54. Kb3 Qg6 55. Kc3 Qh6 56. Kd3 Qg6+ 57. Kc3 Qh6 58. Qc5 Qh3+ 59.
Kb2 Qd3 60. Qc3 Qe2+ 61. Ka3 Qe6 62. Qc5 Qe2 63. Kb3 Qe6+ 64. Qc4 Qg6 65. Qc1
Qe6+ 66. Kb2 Qf6+ 67. Qc3 Qe6 68. Qc2 Qf6+ 69. Kb3 Qe6+ 70. Ka4 Qc6+ 71. Qxc6+
Kxc6 72. Kb3 a5 73. bxa5 Kd5 1/2-1/2

[Event "2015 British Chess Championships: Championship"]
[Site "University of Warwick, Coventry, Warwickshire"]
[Date "2015.08.05"]
[Round "9"]
[Board "5"]
[White "Flear, Glenn C"]
[Black "Hill, Alistair"]
[Result "1-0"]
[WhiteElo "2450"]
[BlackElo "2159"]
[PlyCount "83"]
[EventDate "2015.07.27"]
[EventRounds "11"]
[EventCountry "ENG"]

1. d4 Nf6 2. c4 g6 3. Nc3 d5 4. cxd5 Nxd5 5. e4 Nxc3 6. bxc3 Bg7 7. Nf3 c5 8.
Be3 O-O 9. Qd2 cxd4 10. cxd4 Nc6 11. Rc1 Bg4 12. d5 Bxf3 13. gxf3 Ne5 14. Be2
Qd7 15. f4 Ng4 16. Bc5 Bh6 17. h4 Nf6 18. Bf3 e5 19. Be3 Qa4 20. fxe5 Nxe4 21.
Qd3 Qb4+ 22. Kf1 Bxe3 23. Qxe3 Nd2+ 24. Kg2 Nxf3 25. Qxf3 Rae8 26. Rce1 h5 27.
Re4 Qa5 28. Re2 Rd8 29. d6 Qb4 30. Re4 Qb2 31. Qf6 Qxa2 32. Rd1 Qe6 33. d7 Qc6
34. Qxc6 bxc6 35. Rc4 Kg7 36. Rxc6 f5 37. Rdd6 Kf7 38. Rxg6 Ke7 39. e6 Rg8 40.
Rxg8 Rxg8+ 41. Kf3 Rg4 42. Rc8 1-0

[Event "2015 British Chess Championships: Championship"]
[Site "University of Warwick, Coventry, Warwickshire"]
[Date "2015.08.05"]
[Round "9"]
[Board "6"]
[White "Pert, Richard G"]
[Black "Batchelor, Peter J"]
[Result "1-0"]
[WhiteElo "2440"]
[BlackElo "2304"]
[PlyCount "75"]
[EventDate "2015.07.27"]
[EventRounds "11"]
[EventCountry "ENG"]

1. d4 Nf6 2. Nf3 e6 3. c4 Bb4+ 4. Nbd2 b6 5. g3 Bb7 6. Bg2 O-O 7. O-O d5 8.
cxd5 exd5 9. Ne5 Nbd7 10. Ndf3 Re8 11. Bf4 Bd6 12. Rc1 Qe7 13. Qa4 c5 14. e3
Bxe5 15. Bxe5 Ne4 16. g4 Nxe5 17. Nxe5 Qh4 18. f3 Nd2 19. Rf2 f6 20. Qd7 fxe5
21. Qxb7 Rad8 22. Rxd2 exd4 23. e4 dxe4 24. fxe4 Re7 25. Qc6 Qxg4 26. Rf1 h5
27. Kh1 h4 28. Qa4 Qg5 29. Qb3+ Kh7 30. Qd1 Re5 31. Rd3 Rd6 32. Rdf3 Rg6 33.
Bh3 Rxe4 34. Qc2 Re5 35. Bf5 Rxf5 36. Rxf5 Qg4 37. R5f4 Qg5 38. Qe4 1-0

[Event "2015 British Chess Championships: Championship"]
[Site "University of Warwick, Coventry, Warwickshire"]
[Date "2015.08.05"]
[Round "9"]
[Board "7"]
[White "Hebden, Mark L"]
[Black "Lewis, Andrew P"]
[Result "1-0"]
[WhiteElo "2500"]
[BlackElo "2295"]
[PlyCount "75"]
[EventDate "2015.07.27"]
[EventRounds "11"]
[EventCountry "ENG"]

1. d4 Nf6 2. Bf4 c5 3. d5 Qb6 4. Nc3 Qxb2 5. Bd2 Qb6 6. e4 e5 7. f4 d6 8. Rb1
Qd8 9. fxe5 dxe5 10. Nf3 Bd6 11. Bc4 a6 12. a4 Nbd7 13. O-O Nf8 14. Nh4 h6 15.
Nf5 Bxf5 16. Rxf5 Qc7 17. Qe2 N8d7 18. Nd1 Rb8 19. Rb3 g6 20. Rf1 Bf8 21. d6
Qxd6 22. Rd3 Qe7 23. Ne3 Bg7 24. a5 O-O 25. Ng4 b5 26. axb6 Nxb6 27. Nxh6+ Bxh6
28. Bxh6 Nxc4 29. Bg5 Rb6 30. Rdf3 Qd6 31. Qxc4 Rb4 32. Qa2 Nxe4 33. Rxf7 Qd4+
34. Kh1 Nxg5 35. Rxf8+ Kh7 36. Qg8+ Kh6 37. Qh8+ Nh7 38. R8f7 1-0

[Event "2015 British Chess Championships: Championship"]
[Site "University of Warwick, Coventry, Warwickshire"]
[Date "2015.08.05"]
[Round "9"]
[Board "8"]
[White "Ward, Chris G"]
[Black "Storey, Charles H"]
[Result "1-0"]
[WhiteElo "2423"]
[BlackElo "2245"]
[PlyCount "77"]
[EventDate "2015.07.27"]
[EventRounds "11"]
[EventCountry "ENG"]

1. d4 Nf6 2. c4 g6 3. Nc3 Bg7 4. e4 d6 5. Nge2 O-O 6. Ng3 e5 7. d5 a5 8. Be2
Na6 9. h4 h5 10. Bg5 Nc5 11. Bxh5 gxh5 12. Nxh5 Kh8 13. Qf3 Bg4 14. Qxf6 Bxh5
15. Qxd8 Raxd8 16. Bxd8 Rxd8 17. f3 f5 18. exf5 e4 19. g4 Bf7 20. g5 Bxc3+ 21.
bxc3 Bh5 22. fxe4 Re8 23. Kd2 Nxe4+ 24. Kc2 Ng3 25. Rhe1 Be2 26. f6 Kh7 27. Rg1
Re3 28. Rae1 Kg6 29. Kb2 Nh5 30. Rgf1 Bxf1 31. Rxe3 Bxc4 32. Re7 Bxd5 33. Rxc7
Bc6 34. f7 Kg7 35. g6 Nf4 36. h5 Ne6 37. Rc8 Nf8 38. Rxf8 Kxf8 39. h6 1-0

[Event "2015 British Chess Championships: Championship"]
[Site "University of Warwick, Coventry, Warwickshire"]
[Date "2015.08.05"]
[Round "9"]
[Board "9"]
[White "Summerscale, Aaron P"]
[Black "Taylor, Adam A"]
[Result "1-0"]
[WhiteElo "2416"]
[BlackElo "2055"]
[PlyCount "65"]
[EventDate "2015.07.27"]
[EventRounds "11"]
[EventCountry "ENG"]

1. d4 Nf6 2. Nf3 e6 3. e3 b6 4. Bd3 Bb7 5. O-O Be7 6. c4 O-O 7. Nc3 d6 8. e4
Nbd7 9. Rb1 d5 10. cxd5 exd5 11. e5 Ne4 12. Qc2 f5 13. Qb3 Nxc3 14. bxc3 c5 15.
Qc2 g6 16. Bb5 Qc8 17. Qd2 Bc6 18. Be2 Rd8 19. h4 Nf8 20. h5 Ba4 21. Bd3 Qd7
22. g3 Ne6 23. Kg2 Bf8 24. Rh1 Rac8 25. Qe2 cxd4 26. cxd4 Rc7 27. hxg6 hxg6 28.
Bh6 Ba3 29. Bg5 Nxg5 30. Nxg5 Qe8 31. e6 Bf8 32. Qe5 Rg7 33. Nf7 1-0

[Event "2015 British Chess Championships: Championship"]
[Site "University of Warwick, Coventry, Warwickshire"]
[Date "2015.08.05"]
[Round "9"]
[Board "10"]
[White "Shaw, Peter"]
[Black "Cooper, John G"]
[Result "0-1"]
[WhiteElo "2146"]
[BlackElo "2313"]
[PlyCount "130"]
[EventDate "2015.07.27"]
[EventRounds "11"]
[EventCountry "ENG"]

1. d4 e6 2. Nf3 c5 3. c4 cxd4 4. Nxd4 Nf6 5. Nc3 Bb4 6. g3 Ne4 7. Bd2 Bxc3 8.
Bxc3 Nxc3 9. bxc3 O-O 10. Nb5 d5 11. cxd5 a6 12. Na3 exd5 13. Bg2 Qa5 14. Qb3
Be6 15. O-O Nd7 16. Qb4 Qc7 17. Nc2 Rac8 18. Ne3 Nf6 19. Rac1 b5 20. Rfd1 Rfd8
21. Rd4 h6 22. Rc2 Rd7 23. Rd1 Qc5 24. Qxc5 Rxc5 25. Rd4 Rdc7 26. Nd1 a5 27. a3
Nd7 28. Bf1 Ne5 29. Kg2 Nc4 30. Ra2 Nd6 31. Ne3 Ne4 32. Nd1 Nxc3 33. Nxc3 Rxc3
34. e3 Rb3 35. Be2 Rcc3 36. h3 Kf8 37. g4 Ke7 38. Ra1 Rb2 39. Bf3 Rxe3 40. Bxd5
Ree2 41. Rf1 Rbd2 42. Rxd2 Rxd2 43. Bxe6 Kxe6 44. Rb1 Rd5 45. Kf3 Kd6 46. Ke4
Kc6 47. f4 Rd2 48. f5 Kc5 49. Rc1+ Kb6 50. Rb1 a4 51. Rc1 Rb2 52. Kd5 Rd2+ 53.
Ke4 b4 54. axb4 Kb5 55. Rc7 Rd6 56. Rxf7 a3 57. Rc7 a2 58. Rc1 Kxb4 59. h4 Kb3
60. Ke5 Kb2 61. Rh1 Rc6 62. g5 Rc1 63. gxh6 Rxh1 64. hxg7 Rg1 65. f6 a1=Q 0-1

[Event "2015 British Chess Championships: Championship"]
[Site "University of Warwick, Coventry, Warwickshire"]
[Date "2015.08.05"]
[Round "9"]
[Board "11"]
[White "Weaving, Richard"]
[Black "Kalaiyalahan, Akshaya"]
[Result "0-1"]
[WhiteElo "2257"]
[BlackElo "1999"]
[PlyCount "74"]
[EventDate "2015.07.27"]
[EventRounds "11"]
[EventCountry "ENG"]

1. e4 c5 2. Nc3 Nc6 3. Nf3 g6 4. d4 cxd4 5. Nxd4 Bg7 6. Be3 Nf6 7. Bc4 Qa5 8.
O-O O-O 9. Nb3 Qc7 10. Bg5 d6 11. Bxf6 Bxf6 12. Nd5 Qd8 13. Nxf6+ exf6 14. Qd2
Qe7 15. Rfe1 Be6 16. Bd5 Rac8 17. Rad1 Rfd8 18. f4 Qc7 19. c3 Ne7 20. Bxe6 fxe6
21. Re3 d5 22. e5 Nf5 23. Re2 Qb6+ 24. Kh1 d4 25. cxd4 Nxd4 26. Nxd4 Rxd4 27.
Qe1 Rxf4 28. Red2 fxe5 29. Qxe5 Rcf8 30. h3 R4f5 31. Qc3 e5 32. Rd7 Rf1+ 33.
Rxf1 Rxf1+ 34. Kh2 Qg1+ 35. Kg3 Qf2+ 36. Kh2 Qf4+ 37. Qg3 Rh1+ 0-1

[Event "2015 British Chess Championships: Championship"]
[Site "University of Warwick, Coventry, Warwickshire"]
[Date "2015.08.05"]
[Round "9"]
[Board "13"]
[White "Wadsworth, Matthew J"]
[Black "Okhai, Shabir"]
[Result "1/2-1/2"]
[WhiteElo "2160"]
[BlackElo "1994"]
[PlyCount "121"]
[EventDate "2015.07.27"]
[EventRounds "11"]
[EventCountry "ENG"]

1. c4 e6 2. g3 Nf6 3. Bg2 d5 4. Nf3 dxc4 5. Qa4+ Nbd7 6. Qxc4 c5 7. Qb3 Nd5 8.
Nc3 N7f6 9. O-O Bd6 10. d3 O-O 11. Rd1 Qe7 12. Nd2 Nxc3 13. bxc3 Rb8 14. Nc4
Bc7 15. a4 b6 16. Ba3 Ba6 17. d4 Rfc8 18. e4 Qe8 19. Ne3 cxd4 20. cxd4 Bb7 21.
d5 Be5 22. Bb2 Bxb2 23. Qxb2 exd5 24. exd5 Rc5 25. Rd4 Rd8 26. Qb3 h6 27. h4
Ba8 28. Rad1 Qd7 29. Kh2 Qe8 30. Qd3 Ra5 31. d6 Bxg2 32. Kxg2 Qc6+ 33. Kg1 Rxa4
34. Nc4 Qc5 35. Ne5 Rxd4 36. Qxd4 Qxd4 37. Rxd4 Ne8 38. d7 Nf6 39. g4 Kf8 40.
Kf1 a5 41. g5 hxg5 42. hxg5 Nxd7 43. Rxd7 Rxd7 44. Nxd7+ Ke7 45. Nxb6 Ke6 46.
g6 f5 47. Ke2 Kf6 48. f4 Kxg6 49. Kf3 Kh5 50. Kg3 g5 51. fxg5 Kxg5 52. Kf3 Kf6
53. Kf4 Ke6 54. Na4 Kd5 55. Kxf5 Kc4 56. Ke4 Kb4 57. Kd4 Kxa4 58. Kc4 Ka3 59.
Kc3 Ka2 60. Kc2 a4 61. Kc1 1/2-1/2

[Event "2015 British Chess Championships: Championship"]
[Site "University of Warwick, Coventry, Warwickshire"]
[Date "2015.08.05"]
[Round "9"]
[Board "14"]
[White "Richards, Heather S"]
[Black "Mason, Donald J"]
[Result "1-0"]
[WhiteElo "2141"]
[BlackElo "2145"]
[PlyCount "81"]
[EventDate "2015.07.27"]
[EventRounds "11"]
[EventCountry "ENG"]

1. e4 e6 2. d3 d5 3. Qe2 Be7 4. g3 c5 5. Nf3 Nc6 6. Bg2 Nf6 7. O-O O-O 8. e5
Nd7 9. c4 Nb6 10. h4 Bd7 11. Bf4 Rc8 12. Nbd2 a5 13. h5 a4 14. a3 Re8 15. Rfe1
f5 16. g4 fxg4 17. Nh2 Rf8 18. Qxg4 Rxf4 19. Qxf4 Bg5 20. Qg4 Bxd2 21. cxd5 Nd4
22. f4 Bxe1 23. Rxe1 Qe7 24. d6 Qf7 25. Bxb7 Rf8 26. Rf1 Qf5 27. h6 Qxg4+ 28.
Nxg4 Rxf4 29. Rxf4 Ne2+ 30. Kf2 Nxf4 31. Be4 Nfd5 32. Kg3 gxh6 33. Nxh6+ Kg7
34. Ng4 h5 35. Nh2 Kh6 36. Nf3 Bc6 37. Kh4 Nd7 38. Ng5 Nxe5 39. Nxe6 Nd7 40.
Nc7 Nxc7 41. dxc7 1-0

[Event "2015 British Chess Championships: Championship"]
[Site "University of Warwick, Coventry, Warwickshire"]
[Date "2015.08.05"]
[Round "9"]
[Board "15"]
[White "Jones, Steven A"]
[Black "Grieve, Harry"]
[Result "1-0"]
[WhiteElo "2126"]
[BlackElo "1899"]
[PlyCount "115"]
[EventDate "2015.07.27"]
[EventRounds "11"]
[EventCountry "ENG"]

1. e4 c5 2. Nf3 e6 3. d4 cxd4 4. Nxd4 Nc6 5. Nc3 Qc7 6. Be3 a6 7. Qf3 Bb4 8.
Nxc6 bxc6 9. Bd4 f6 10. a3 Bxc3+ 11. Bxc3 Ne7 12. Qh5+ Ng6 13. g3 O-O 14. O-O-O
d5 15. exd5 cxd5 16. Bg2 Bb7 17. f4 Rad8 18. Rhe1 Rfe8 19. f5 Ne5 20. Rd4 g6
21. fxg6 hxg6 22. Qh6 Qg7 23. Qxg7+ Kxg7 24. Rb4 Re7 25. Rxe5 fxe5 26. Bxe5+
Kf7 27. Rf4+ Ke8 28. Bf6 Rh7 29. Bxd8 Rxh2 30. Bxd5 Bxd5 31. Bc7 Rg2 32. c4 Bc6
33. Rg4 Kf7 34. b3 Kf6 35. Rd4 Bb7 36. Rd2 e5 37. Rxg2 Bxg2 38. Kd2 Bc6 39. Kc3
Kf5 40. Kb4 g5 41. Kc5 Bb7 42. Ba5 Kg4 43. Bd2 e4 44. Kb6 Bc8 45. Kc7 Be6 46.
Kb7 a5 47. a4 Kxg3 48. Bxg5 Kf2 49. Kb6 e3 50. Kxa5 e2 51. Bh4+ Ke3 52. Kb6 Kd4
53. a5 Bxc4 54. bxc4 Kxc4 55. a6 Kd3 56. a7 Kd2 57. a8=Q e1=Q 58. Bxe1+ 1-0

[Event "2015 British Chess Championships: Championship"]
[Site "University of Warwick, Coventry, Warwickshire"]
[Date "2015.08.05"]
[Round "9"]
[Board "16"]
[White "Willmoth, Robert F"]
[Black "Scott, Gordon W"]
[Result "0-1"]
[WhiteElo "2173"]
[BlackElo "2101"]
[PlyCount "118"]
[EventDate "2015.07.27"]
[EventRounds "11"]
[EventCountry "ENG"]

1. Nf3 d5 2. g3 Nf6 3. Bg2 e6 4. c4 Be7 5. O-O O-O 6. b3 d4 7. e3 c5 8. exd4
cxd4 9. Bb2 Nc6 10. Re1 Re8 11. Na3 Bc5 12. d3 e5 13. Nd2 Bf5 14. Ne4 Nxe4 15.
dxe4 Be6 16. Nc2 Qb6 17. Qd3 a5 18. a3 a4 19. b4 Na5 20. Bc1 Bxc4 21. Qf3 Nb3
22. bxc5 Qa5 23. Bb2 Nxa1 24. Rxa1 Qb5 25. Nb4 Be2 26. Bf1 Qxb4 27. Qxe2 Qxc5
28. Qd1 b5 29. Bd3 b4 30. axb4 Qxb4 31. Ba3 Qc3 32. Ra2 Qb3 33. Qb1 Rec8 34.
Bc2 Qc4 35. Bd6 Qe6 36. Ba3 Qc4 37. Bd6 Qe6 38. Ba3 Rab8 39. Qa1 Rc4 40. Bd1
Qc6 41. Rb2 Rc8 42. Rb4 Qxe4 43. Bxa4 Rxb4 44. Bxb4 d3 45. Bd7 Ra8 46. Qc3 d2
47. Ba4 Rb8 48. Qxd2 Qxb4 49. Qd7 g6 50. Bc6 Qe1+ 51. Kg2 Rb2 52. Qa7 Qd2 53.
Bb7 Qd4 54. Qxd4 exd4 55. Be4 Kg7 56. Kf3 f5 57. Bd3 Kf6 58. h4 Ke5 59. Bc4 h6
 0-1

[Event "2015 British Chess Championships: Championship"]
[Site "University of Warwick, Coventry, Warwickshire"]
[Date "2015.08.05"]
[Round "9"]
[Board "17"]
[White "Asenov, Pavel"]
[Black "Osborne, Marcus E"]
[Result "1/2-1/2"]
[WhiteElo "2081"]
[BlackElo "2190"]
[PlyCount "98"]
[EventDate "2015.07.27"]
[EventRounds "11"]
[EventCountry "ENG"]

1. d4 e6 2. c4 Nf6 3. Nc3 Bb4 4. e3 O-O 5. Nge2 Re8 6. a3 Bf8 7. Ng3 d5 8. cxd5
Nxd5 9. Bd3 Nxc3 10. bxc3 c5 11. O-O Qc7 12. c4 cxd4 13. exd4 Nd7 14. Bb2 e5
15. Re1 Rd8 16. Qc2 g6 17. dxe5 Nc5 18. Bf1 Bg7 19. Kh1 h5 20. Rad1 Bd7 21. Qe2
Bc6 22. Qe3 Ba4 23. Rd5 b6 24. Ne2 Re8 25. Nf4 Bc6 26. Rdd1 Nd7 27. Nd5 Qb7 28.
Qg5 Kh7 29. Bd3 Re6 30. Qxh5+ Kg8 31. Qg5 Rae8 32. Nf4 Bf6 33. Qg3 Bxe5 34.
Rxe5 Rxe5 35. Bxe5 Nxe5 36. h4 Nxd3 37. Rxd3 Be4 38. Re3 Qc6 39. h5 Bf5 40.
Rxe8+ Qxe8 41. Nd5 Qe1+ 42. Kh2 Qe2 43. Qh4 Qe5+ 44. f4 Qd4 45. h6 Kh7 46. Qg5
Be6 47. Nf6+ Kh8 48. Nd5 Kh7 49. Nf6+ Kh8 1/2-1/2

[Event "2015 British Chess Championships: Championship"]
[Site "University of Warwick, Coventry, Warwickshire"]
[Date "2015.08.05"]
[Round "9"]
[Board "18"]
[White "Kalavannan, Koby"]
[Black "Lam, Paul G M"]
[Result "0-1"]
[WhiteElo "2178"]
[BlackElo "2136"]
[PlyCount "92"]
[EventDate "2015.07.27"]
[EventRounds "11"]
[EventCountry "ENG"]

1. d4 d6 2. Nf3 Bg4 3. e4 Nf6 4. Nc3 Nc6 5. d5 Nb8 6. h3 Bxf3 7. Qxf3 g6 8. Bg5
Bg7 9. O-O-O h6 10. Bh4 Nfd7 11. Kb1 O-O 12. g4 c5 13. Qe3 Re8 14. f4 Na6 15.
Bb5 Bd4 16. Rxd4 cxd4 17. Qxd4 Nc7 18. Ba4 a6 19. e5 b5 20. exd6 bxa4 21. dxc7
Qxc7 22. Qxa4 Rab8 23. Qd4 Nb6 24. Ka1 Nc4 25. Rb1 Rb4 26. d6 Qa5 27. d7 Reb8
28. b3 Na3 29. Qd5 Qc7 30. Ne4 R4b5 31. Qd3 Nxc2+ 32. Kb2 Nb4 33. Qd2 Rd5 34.
Qc3 Qxc3+ 35. Kxc3 Rxd7 36. Nc5 Rc7 37. Kc4 a5 38. a3 Na6 39. Bf2 Rd8 40. Kb5
Nxc5 41. Bxc5 Rd5 42. b4 axb4 43. axb4 Rdxc5+ 44. Ka6 R5c6+ 45. Ka5 Rb7 46. b5
Rcb6 0-1

[Event "2015 British Chess Championships: Championship"]
[Site "University of Warwick, Coventry, Warwickshire"]
[Date "2015.08.05"]
[Round "9"]
[Board "20"]
[White "Burrows, Martin P"]
[Black "Willson, Ollie"]
[Result "1-0"]
[WhiteElo "2148"]
[BlackElo "1909"]
[PlyCount "85"]
[EventDate "2015.07.27"]
[EventRounds "11"]
[EventCountry "ENG"]

1. e4 c5 2. Nf3 e6 3. d4 cxd4 4. Nxd4 Nc6 5. Nb5 d6 6. c4 Nf6 7. N1c3 a6 8. Na3
d5 9. cxd5 exd5 10. exd5 Nb4 11. Bc4 Bg4 12. Qd4 b5 13. Bb3 Bc5 14. Qe5+ Kf8
15. O-O Nd3 16. Qg3 Nxc1 17. Raxc1 Bd6 18. Qd3 b4 19. Nc4 bxc3 20. Nxd6 Qxd6
21. Rxc3 Rd8 22. h3 Bh5 23. f4 h6 24. f5 Qe5 25. g4 Bxg4 26. hxg4 Nxg4 27. Qg3
Qd4+ 28. Kh1 h5 29. Rc7 Qe4+ 30. Qf3 Qe5 31. Qf4 Qxb2 32. d6 Nh6 33. d7 Qf6 34.
Rc8 Kg8 35. Re1 Kh7 36. Re8 Ng4 37. Rcxd8 Qa1+ 38. Kg2 Qb2+ 39. Kg1 Qa1+ 40.
Kg2 Qb2+ 41. Kf1 Nh2+ 42. Qxh2 Qb1+ 43. Kg2 1-0

[Event "2015 British Chess Championships: Championship"]
[Site "University of Warwick, Coventry, Warwickshire"]
[Date "2015.08.05"]
[Round "9"]
[Board "21"]
[White "Jones, William E G"]
[Black "Burke, Mitchell R"]
[Result "1-0"]
[WhiteElo "2115"]
[BlackElo "1966"]
[PlyCount "45"]
[EventDate "2015.07.27"]
[EventRounds "11"]
[EventCountry "ENG"]

1. e4 c5 2. Nf3 d6 3. d4 cxd4 4. Nxd4 Nf6 5. Nc3 a6 6. h3 e5 7. Nde2 Be6 8. g4
Be7 9. Bg2 O-O 10. O-O b5 11. a4 b4 12. Nd5 a5 13. f4 Nc6 14. Be3 Nd7 15. Nxe7+
Qxe7 16. f5 Bc4 17. b3 Ba6 18. Rf2 Rac8 19. Ng3 Rfd8 20. Rd2 Nc5 21. g5 Nd4 22.
h4 Ndxb3 23. cxb3 1-0

[Event "2015 British Chess Championships: Championship"]
[Site "University of Warwick, Coventry, Warwickshire"]
[Date "2015.08.05"]
[Round "9"]
[Board "22"]
[White "Evans, Nicholas Thomas"]
[Black "Coleman, David J"]
[Result "0-1"]
[WhiteElo "1923"]
[BlackElo "2231"]
[PlyCount "80"]
[EventDate "2015.07.27"]
[EventRounds "11"]
[EventCountry "ENG"]

1. d4 Nf6 2. c4 Nc6 3. Nc3 e5 4. d5 Ne7 5. Nf3 Ng6 6. h4 h5 7. Qc2 Be7 8. Bg5
d6 9. e3 Nf8 10. Bd3 N8d7 11. Nd2 Nc5 12. Be2 a5 13. f3 g6 14. O-O-O a4 15.
Rdf1 Nh7 16. f4 f5 17. Bxe7 Qxe7 18. e4 Nf6 19. fxe5 Qxe5 20. Nf3 Qe7 21. Ng5
fxe4 22. Rf4 Bf5 23. Re1 Kd8 24. Nb5 Kc8 25. Nd4 Qe5 26. Nde6 Bxe6 27. Ref1 Bf5
28. Nf7 Qe8 29. Nxh8 Qxh8 30. Qc3 Kd7 31. Kd2 e3+ 32. Qxe3 Re8 33. Qf3 Nfe4+
34. Kc1 Qe5 35. Bd1 Qxf4+ 36. Qxf4 Nd3+ 37. Kb1 Nxf4 38. Rxf4 Nc5+ 39. Ka1 Re1
40. Rd4 Bd3 0-1

[Event "2015 British Chess Championships: Championship"]
[Site "University of Warwick, Coventry, Warwickshire"]
[Date "2015.08.05"]
[Round "9"]
[Board "23"]
[White "Hackner, Oskar A"]
[Black "Golding, Alex"]
[Result "1-0"]
[WhiteElo "2162"]
[BlackElo "1963"]
[PlyCount "85"]
[EventDate "2015.07.27"]
[EventRounds "11"]
[EventCountry "ENG"]

1. d4 Nf6 2. c4 g6 3. Nc3 Bg7 4. e4 d6 5. Bd3 O-O 6. Nge2 c5 7. d5 e6 8. Ng3
exd5 9. cxd5 a6 10. a4 Re8 11. O-O Ng4 12. h3 Ne5 13. Be2 Qh4 14. Be3 Nbd7 15.
Qd2 h6 16. f4 Qxg3 17. Bf2 Nf3+ 18. Bxf3 Bd4 19. Qxd4 cxd4 20. Bxg3 dxc3 21.
bxc3 Nc5 22. Rfe1 a5 23. e5 Bd7 24. Bd1 b5 25. axb5 Bxb5 26. Be2 Bd7 27. Bf2
Na4 28. Bd4 Rec8 29. c4 Nc5 30. Bxc5 Rxc5 31. Kf2 a4 32. Ra3 Rb8 33. Ke3 Rb4
34. Kd4 Rc8 35. Bd3 dxe5+ 36. fxe5 Bb5 37. Rc1 Kf8 38. Rac3 Ba6 39. Rb1 Rxb1
40. Bxb1 Rb8 41. Bd3 Bc8 42. Ra3 Bd7 43. c5 1-0